| 000 | 00776nam a2200241 a 4500 | ||
|---|---|---|---|
| 008 | 951213s1984||||[C 0 slo c | ||
| 020 |
_c21 Kčs. _q(3500 výtl.) |
||
| 040 |
_aSNK _bslo _cSNK _eAACR2 |
||
| 041 | 1 |
_aslo _hrus _hgeo |
|
| 044 |
_axo _cSK |
||
| 080 | _a894.631-3 | ||
| 100 | 1 |
_aEbanoidze, Aleksandr _4aut |
|
| 245 | 1 | 0 |
_aKde si doma _cAleksandr Ebanoidze ; Eva Birčáková, Peter Birčák, Jozef Szabó |
| 250 | _a1., vyd. | ||
| 260 |
_aBratislava _bObzor _c1984 _eBratislava _fZápadoslovenské tlačiarne |
||
| 300 |
_a300 s., 16,27 AH _c21 cm |
||
| 490 | 0 | _aJantár | |
| 500 | _aIlustr. na front. Spoluvyd. SÚV ZČSSP, Bratislava. | ||
| 700 | 1 |
_aBirčáková, Eva _4trl |
|
| 700 | 1 |
_aBirčák, Peter _4[ADC] |
|
| 700 | 1 |
_aSzabó, Jozef _4bkd |
|
| 958 | _aA | ||
| 999 |
_c10498 _d10498 |
||